[Event "6th EUR-ch (w)"]
[Site "Chisinau MDA"]
[Date "2005.06.14"]
[Round "4"]
[White "Lupik, Marina"]
[Black "Gvetadze, Sopio"]
[Result "0-1"]
[WhiteElo "2123"]
[BlackElo "2283"]
[EventDate "2005.06.10"]
[PlyCount "104"]

1.d4 Nf6 2.c4 e6 3.Nf3 a6 4.e3 d5 5.Nc3 Bb4 6.Qa4+ Nc6 7.Bd2 O-O 8.Bd3 
dxc4 9.Bxc4 Bd6 10.O-O e5 11.d5 Ne7 12.e4 Bg4 13.Be2 Ng6 14.Be3 Nh5 15.Ne1
Bd7 16.Qb3 Nhf4 17.Bf3 Nh4 18.g3 Qg5 19.Kh1 Nxf3 20.Nxf3 Qh5 21.Nd2 Nh3 
22.Qd1 Qg6 23.f3 f5 24.exf5 Rxf5 25.Nde4 Raf8 26.Qe2 R5f7 27.Nc5 Bc8 28.
N3e4 b6 29.Ne6 Bxe6 30.dxe6 Qxe6 31.Kg2 b5 32.a4 Rb8 33.axb5 axb5 34.Ra6 
h6 35.Ba7 Rbf8 36.Qxb5 Ng5 37.Nxg5 hxg5 38.Raa1 e4 39.fxe4 Qxe4+ 40.Kg1 c5
41.Qa6 Qe3+ 42.Kh1 Rf2 43.Rxf2 Rxf2 44.Qc4+ Kh8 45.Qg4 Qe7 46.Qc8+ Kh7 47.
Qh3+ Kg6 48.b4 Qe4+ 49.Kg1 g4 50.Kxf2 gxh3 51.Ra6 Qd4+ 52.Ke1 Qe3+ 0-1

[Event "6th EUR-ch (w)"]
[Site "Chisinau MDA"]
[Date "2005.06.14"]
[Round "4"]
[White "Sharevich, Anna"]
[Black "Vartic, Irina"]
[Result "1-0"]
[WhiteElo "2278"]
[BlackElo "1948"]
[EventDate "2005.06.10"]
[PlyCount "61"]

1.d4 Nf6 2.c4 g6 3.Nc3 d5 4.cxd5 Nxd5 5.e4 Nxc3 6.bxc3 Bg7 7.Ba3 O-O 8.Nf3
Nd7 9.Bc4 c5 10.O-O cxd4 11.cxd4 Nb6 12.Qb3 Nxc4 13.Qxc4 Be6 14.Qb4 Re8 
15.Qxb7 Bg4 16.Ne5 Bxe5 17.dxe5 Qa5 18.Qb4 Qxe5 19.f4 Qb8 20.Qd4 Qd8 21.
Qe3 e5 22.fxe5 Rxe5 23.Bb2 Rh5 24.h3 Be6 25.Qc3 f6 26.Rxf6 Qe7 27.Rxe6 
Qc5+ 28.Qxc5 Rxc5 29.Re7 Rac8 30.Rg7+ Kf8 31.Rf1+ 1-0

[Event "6th EUR-ch (w)"]
[Site "Chisinau MDA"]
[Date "2005.06.14"]
[Round "4"]
[White "Eidelson, Rakhil"]
[Black "Charochkina, Daria"]
[Result "0-1"]
[WhiteElo "2268"]
[BlackElo "2183"]
[EventDate "2005.06.10"]
[PlyCount "80"]

1.e4 c5 2.Nf3 d6 3.d4 cxd4 4.Nxd4 Nf6 5.Nc3 Nc6 6.Bg5 e6 7.Qd2 Be7 8.O-O-O
Nxd4 9.Qxd4 O-O 10.f4 Qa5 11.Kb1 h6 12.Bh4 e5 13.Qe3 exf4 14.Qxf4 g5 15.
Qd2 gxh4 16.Nd5 Qd8 17.Nxe7+ Qxe7 18.Qxh6 Nxe4 19.Qe3 Bf5 20.Bc4 Rac8 21.
Qe2 Rfe8 22.Qf3 Rxc4 23.Qxf5 Qe5 24.Qg4+ Qg7 25.Qxg7+ Kxg7 26.Rhf1 Re6 27.
Kc1 Nf6 28.b3 Rce4 29.Kb2 d5 30.Rf3 Re3 31.Rf4 R6e4 32.Rf5 Kg6 33.Rdf1 Re6
34.R1f4 R3e4 35.Rf3 Re2 36.g3 Rc6 37.gxh4 Rcxc2+ 38.Ka3 Rxa2+ 39.Kb4 Re4+ 
40.Kc5 Nd7+ 0-1

[Event "6th EUR-ch (w)"]
[Site "Chisinau MDA"]
[Date "2005.06.14"]
[Round "4"]
[White "Moser, Eva"]
[Black "Meshcheriakova, Evgenia"]
[Result "1/2-1/2"]
[WhiteElo "2422"]
[BlackElo "2193"]
[EventDate "2005.06.10"]
[PlyCount "94"]

1.g3 g6 2.Bg2 Bg7 3.e4 c5 4.d3 d6 5.f4 Nc6 6.Nf3 Bg4 7.Nbd2 b5 8.h3 Bd7 9.
O-O e6 10.a4 a6 11.e5 d5 12.Nb3 Qb6 13.Be3 Bf8 14.axb5 Qxb5 15.c4 Qb6 16.
Nfd2 d4 17.Bf2 Rb8 18.Ra3 f5 19.exf6 Nxf6 20.g4 Be7 21.Bg3 O-O 22.f5 exf5 
23.Bxb8 Rxb8 24.gxf5 Bxf5 25.Nc1 Nb4 26.Re1 Qc7 27.Nf1 Bd6 28.Na2 a5 29.
Nxb4 cxb4 30.Ra1 b3 31.Qf3 Rf8 32.Red1 Bd7 33.Qb7 Qc5 34.Qxb3 Nh5 35.Qb7 
Nf4 36.Bd5+ Nxd5 37.Qxd7 Nf4 38.Rd2 Qg5+ 39.Kh1 Qh5 40.Qg4 Qxh3+ 41.Qxh3 
Nxh3 42.Rc2 Nf2+ 43.Kg1 Nh3+ 44.Kg2 Nf4+ 45.Kg1 Nh3+ 46.Kg2 Nf4+ 47.Kg1 
Nh3+ 1/2-1/2

[Event "6th EUR-ch (w)"]
[Site "Chisinau MDA"]
[Date "2005.06.14"]
[Round "4"]
[White "Peng Zhaoqin"]
[Black "Partac, Elena"]
[Result "1-0"]
[WhiteElo "2392"]
[BlackElo "2190"]
[EventDate "2005.06.10"]
[PlyCount "51"]

1.d4 Nf6 2.c4 e6 3.Nf3 b6 4.g3 Ba6 5.b3 d5 6.Bg2 dxc4 7.Ne5 Bb4+ 8.Kf1 Bd6
9.Nxc4 Nd5 10.Bb2 O-O 11.e4 c6 12.Kg1 Ne7 13.Nbd2 Bc7 14.h4 Nd7 15.h5 h6 
16.Rc1 f5 17.Ba3 Nf6 18.e5 Nfd5 19.Bd6 Rc8 20.Kh2 Bxd6 21.exd6 b5 22.dxe7 
Nxe7 23.Ne5 Qxd4 24.Ndf3 Qxf2 25.Rc2 Qe3 26.Re1 1-0

[Event "6th EUR-ch (w)"]
[Site "Chisinau MDA"]
[Date "2005.06.14"]
[Round "4"]
[White "Muzicuk, Anna"]
[Black "Sarakauskiene, Zivile"]
[Result "1-0"]
[WhiteElo "2363"]
[BlackElo "2177"]
[EventDate "2005.06.10"]
[PlyCount "83"]

1.d4 d5 2.c4 dxc4 3.Nf3 Nf6 4.e3 e6 5.Bxc4 a6 6.O-O c5 7.e4 b5 8.Bd3 Bb7 
9.e5 Nfd7 10.Ng5 Be7 11.Qh5 g6 12.Qh6 Nxe5 13.dxe5 Qxd3 14.Qg7 Rf8 15.Nxh7
Nd7 16.Nc3 Qf5 17.f3 Nxe5 18.Nxf8 Bxf8 19.Qh7 Nd3 20.Ne4 c4 21.Be3 Nxb2 
22.Qh8 Bxe4 23.fxe4 Qxe4 24.Rae1 Na4 25.Qxf8+ Kxf8 26.Bh6+ Kg8 27.Rxe4 Nc3
28.Re3 Nxa2 29.Bg5 Nb4 30.Ra3 f5 31.Rb1 Nc2 32.Rh3 Ra7 33.Bf6 Rh7 34.Rc3 
Rf7 35.Be5 f4 36.Rxc2 Rf5 37.Bc3 Rd5 38.Ra1 Rd6 39.Bb4 Rc6 40.Rca2 c3 41.
Rc2 Rc4 42.Rb1 1-0

[Event "6th EUR-ch (w)"]
[Site "Chisinau MDA"]
[Date "2005.06.14"]
[Round "4"]
[White "Vasilieva, Maria"]
[Black "Olarasu, Gabriela"]
[Result "0-1"]
[WhiteElo "2124"]
[BlackElo "2353"]
[EventDate "2005.06.10"]
[PlyCount "64"]

1.d4 d5 2.Nf3 c5 3.c4 dxc4 4.Nc3 cxd4 5.Qxd4 Qxd4 6.Nxd4 Bd7 7.e4 e6 8.
Bxc4 a6 9.f3 Bc5 10.Be3 Nc6 11.Rd1 Nf6 12.Kf2 b5 13.Be2 Ne5 14.Nb3 Bxe3+ 
15.Kxe3 Rc8 16.f4 Neg4+ 17.Bxg4 Nxg4+ 18.Kf3 Nf6 19.Rd6 b4 20.Ne2 Bc6 21.
Ng3 Ke7 22.Rd4 Nxe4 23.Nxe4 f5 24.Rxb4 Bxe4+ 25.Kg3 Rc2 26.Rg1 Rxb2 27.Ra4
Rc8 28.Nd4 Rc3+ 29.Nf3 Bb7 30.Ra5 Rcc2 31.Re5 Bxf3 32.gxf3 Rxh2 0-1

[Event "6th EUR-ch (w)"]
[Site "Chisinau MDA"]
[Date "2005.06.14"]
[Round "4"]
[White "Milliet, Sophie"]
[Black "Iodo, Anna"]
[Result "1-0"]
[WhiteElo "2319"]
[BlackElo "2176"]
[EventDate "2005.06.10"]
[PlyCount "90"]

1.e4 c5 2.Nf3 Nc6 3.c3 d5 4.exd5 Qxd5 5.d4 cxd4 6.cxd4 e5 7.Nc3 Bb4 8.Bd2 
Bxc3 9.Bxc3 e4 10.Ne5 Nxe5 11.dxe5 Ne7 12.Qe2 O-O 13.Rd1 Qxa2 14.Bb4 Qe6 
15.Qxe4 Re8 16.Bb5 Nc6 17.O-O Qg6 18.Qxg6 hxg6 19.Bd6 g5 20.Rfe1 Be6 21.f3
a6 22.Bd3 g6 23.Rc1 Rac8 24.Rc3 Bf5 25.Bf1 Nd4 26.Rec1 Rxc3 27.bxc3 Nb5 
28.c4 Nxd6 29.exd6 Bd7 30.c5 Kg7 31.Kf2 Rc8 32.Ke3 a5 33.Kd4 b6 34.Ba6 
Rxc5 35.Rxc5 bxc5+ 36.Kxc5 a4 37.Bc4 Kf6 38.Kb6 a3 39.Kc7 Ba4 40.d7 Bxd7 
41.Kxd7 g4 42.fxg4 Kg5 43.Bxf7 Kxg4 44.Ke7 Kf4 45.Kf6 Ke3 1-0

[Event "6th EUR-ch (w)"]
[Site "Chisinau MDA"]
[Date "2005.06.14"]
[Round "4"]
[White "Molchanova, Tatiana"]
[Black "Van Weersel, Arlette"]
[Result "1-0"]
[WhiteElo "2315"]
[BlackElo "2158"]
[EventDate "2005.06.10"]
[PlyCount "69"]

1.e4 e5 2.Nf3 Nc6 3.Bb5 a6 4.Ba4 Nf6 5.Bxc6 dxc6 6.d3 Nd7 7.Nbd2 f6 8.O-O 
Bd6 9.Nh4 O-O 10.Nc4 Nc5 11.Ne3 Ne6 12.Nef5 Nd4 13.Qg4 Bxf5 14.exf5 Qd7 
15.c3 Nb5 16.a4 Na7 17.Re1 Rf7 18.Qh5 Re8 19.Re3 e4 20.f4 c5 21.Rh3 h6 22.
Qg4 g5 23.Ng6 Rh7 24.Be3 c4 25.Rh5 Nc8 26.h4 Nb6 27.a5 Nd5 28.Re1 c6 29.g3
Bc7 30.Kg2 Bxa5 31.hxg5 hxg5 32.Reh1 Rxh5 33.Rxh5 Ne7 34.Rh8+ Kg7 35.Qh5 
1-0

[Event "6th EUR-ch (w)"]
[Site "Chisinau MDA"]
[Date "2005.06.14"]
[Round "4"]
[White "Cicariova, Elena"]
[Black "Calotescu, Ana-Cristina"]
[Result "0-1"]
[WhiteElo "2081"]
[BlackElo "2268"]
[EventDate "2005.06.10"]
[PlyCount "70"]

1.c4 e5 2.Nc3 Nf6 3.g3 d5 4.cxd5 Nxd5 5.Bg2 Nb6 6.Nf3 Nc6 7.O-O Be7 8.d3 
O-O 9.Be3 Be6 10.Rc1 f6 11.a3 Rf7 12.Ne4 Nd4 13.Nxd4 exd4 14.Bf4 Nd5 15.
Bd2 b6 16.Be1 c5 17.Nd2 f5 18.Nf3 Bf6 19.b4 cxb4 20.axb4 Rc8 21.Rxc8 Qxc8 
22.Qd2 Rc7 23.Ng5 Rc2 24.Nxe6 Rxd2 25.Bxd5 Rb2 26.Nxd4+ Kh8 27.Nc6 Rxe2 
28.b5 a5 29.bxa6 Qxa6 30.Bb4 Qxd3 31.Bg2 h6 32.Rc1 Rc2 33.Re1 Qb5 34.Re6 
Rc1+ 35.Be1 Qb1 0-1

[Event "6th EUR-ch (w)"]
[Site "Chisinau MDA"]
[Date "2005.06.14"]
[Round "4"]
[White "Galoian, Lilit"]
[Black "Kuzevanova, Evgenia"]
[Result "1-0"]
[WhiteElo "2256"]
[BlackElo "2124"]
[EventDate "2005.06.10"]
[PlyCount "72"]

1.d4 Nf6 2.c4 g6 3.Nf3 Bg7 4.Bf4 d5 5.cxd5 Nxd5 6.Be5 Nf6 7.Nc3 Nbd7 8.Bg3
c5 9.d5 O-O 10.e4 Nh5 11.Be2 Nxg3 12.hxg3 Ne5 13.Nxe5 Bxe5 14.Qd2 Bg7 15.
g4 a6 16.a4 Qc7 17.g3 Bd7 18.O-O Rab8 19.f4 Qc8 20.Qd1 Bd4+ 21.Kg2 h5 22.
f5 hxg4 23.Bxg4 Kg7 24.Qe2 Rh8 25.d6 exd6 26.Rh1 Qc6 27.Bf3 Qb6 28.a5 Qb3 
29.Raf1 Bc6 30.g4 f6 31.fxg6 Kxg6 32.g5 Kf7 33.Bh5+ Ke7 34.gxf6+ Bxf6 35.
Rxf6 Rbg8+ 36.Rg6 Qe6 1-0

[Event "6th EUR-ch (w)"]
[Site "Chisinau MDA"]
[Date "2005.06.14"]
[Round "4"]
[White "Minina, Veronika"]
[Black "Dolukhanova, Evgeniya"]
[Result "1/2-1/2"]
[WhiteElo "2059"]
[BlackElo "2251"]
[EventDate "2005.06.10"]
[PlyCount "52"]

1.d4 d5 2.c4 c6 3.Nc3 Nf6 4.e3 e6 5.Nf3 Nbd7 6.Qc2 Bd6 7.Be2 O-O 8.O-O Qe7
9.e4 dxe4 10.Nxe4 Nxe4 11.Qxe4 Nf6 12.Qh4 e5 13.dxe5 Bxe5 14.Bd3 Re8 15.
Re1 Qd6 16.Bc2 Bg4 17.Nxe5 Rxe5 18.Bg5 Rae8 19.Rxe5 Qxe5 20.h3 Bh5 21.Bxf6
gxf6 22.Rb1 Bg6 23.Bxg6 fxg6 24.Qg4 Qe4 25.Qxe4 Rxe4 26.Rd1 Re7 1/2-1/2

[Event "6th EUR-ch (w)"]
[Site "Chisinau MDA"]
[Date "2005.06.14"]
[Round "4"]
[White "Susterman, Anja"]
[Black "Mar, Karmen"]
[Result "1-0"]
[WhiteElo "2250"]
[BlackElo "2119"]
[EventDate "2005.06.10"]
[PlyCount "33"]

1.e4 e5 2.Nc3 Nf6 3.Bc4 Nc6 4.d3 Bc5 5.f4 d6 6.Nf3 Ng4 7.Ng5 O-O 8.f5 Bf2+
9.Kf1 Ne3+ 10.Bxe3 Bxe3 11.h4 Bxg5 12.hxg5 Qxg5 13.Rh5 Qg3 14.Nd5 b5 15.
Bxb5 Nd4 16.Ne7+ Kh8 17.Rxh7+ 1-0

[Event "6th EUR-ch (w)"]
[Site "Chisinau MDA"]
[Date "2005.06.14"]
[Round "4"]
[White "Paulet, Iozefina"]
[Black "Makka, Ioulia"]
[Result "1-0"]
[WhiteElo "2051"]
[BlackElo "2250"]
[EventDate "2005.06.10"]
[PlyCount "77"]

1.d4 d5 2.Nf3 Nf6 3.Bg5 e6 4.e3 Be7 5.Bd3 Nbd7 6.Nbd2 c5 7.c3 O-O 8.h4 b6 
9.Ne5 Bb7 10.Qc2 c4 11.Be2 Nxe5 12.dxe5 Nd7 13.Bxe7 Qxe7 14.f4 f6 15.Nf3 
fxe5 16.fxe5 Rf5 17.Ng5 Nf8 18.O-O-O Qc5 19.Rd4 Rf2 20.Qd1 h6 21.Qe1 Rf5 
22.Nf3 Nd7 23.g4 Rf7 24.h5 Raf8 25.Nh4 Nxe5 26.Ng6 Nxg6 27.hxg6 Rf6 28.g5 
Rxg6 29.gxh6 gxh6 30.Rg1 Rf6 31.Bh5 Rg5 32.Rxg5+ hxg5 33.Qg3 Rf1+ 34.Kd2 
Qe7 35.Rg4 Rf5 36.Bg6 Bc6 37.Bxf5 exf5 38.Rxg5+ Kf8 39.Rg8+ 1-0

[Event "6th EUR-ch (w)"]
[Site "Chisinau MDA"]
[Date "2005.06.14"]
[Round "4"]
[White "Bulmaga, Irina"]
[Black "Laesson, Tuulikki"]
[Result "1/2-1/2"]
[WhiteElo "2046"]
[BlackElo "2246"]
[EventDate "2005.06.10"]
[PlyCount "102"]

1.e4 c5 2.Nf3 g6 3.d4 Bg7 4.c3 cxd4 5.Nxd4 Nc6 6.Nxc6 bxc6 7.g3 Qc7 8.Bg2 
Ba6 9.Qa4 Bb5 10.Qc2 Nf6 11.c4 Ba6 12.O-O O-O 13.Re1 d6 14.Nd2 Nd7 15.Rb1 
Rab8 16.b3 Ne5 17.Bb2 c5 18.Qc3 f6 19.Nf3 Nc6 20.h4 e5 21.Bh3 Bc8 22.Bxc8 
Qxc8 23.Kg2 Qb7 24.h5 f5 25.Qd3 Nd4 26.Bxd4 cxd4 27.hxg6 hxg6 28.Nd2 Bh6 
29.Rb2 Rf7 30.Kg1 Rbf8 31.Nf1 Bg7 32.a3 fxe4 33.Qxe4 Qxe4 34.Rxe4 Rf3 35.
Kg2 Rc3 36.Nd2 Rb8 37.Ra2 Kf7 38.b4 Bh6 39.f4 Re3 40.fxe5 dxe5 41.Rxe3 
Bxe3 42.Ne4 Ke6 43.Kf3 Rf8+ 44.Ke2 Bh6 45.Ra1 Rc8 46.Kd3 Bf8 47.b5 Be7 48.
a4 Rf8 49.Ke2 Rh8 50.a5 Rh2+ 51.Kd3 Rb2 1/2-1/2

[Event "6th EUR-ch (w)"]
[Site "Chisinau MDA"]
[Date "2005.06.14"]
[Round "4"]
[White "Lematschko, Tatjana"]
[Black "Cherednichenko, Elena"]
[Result "1-0"]
[WhiteElo "2231"]
[BlackElo "1969"]
[EventDate "2005.06.10"]
[PlyCount "157"]

1.d4 Nf6 2.c4 g6 3.Nc3 Bg7 4.e4 d6 5.h3 O-O 6.Bd3 e5 7.d5 Ne8 8.Be3 Nd7 9.
Qd2 f5 10.f3 f4 11.Bf2 Ndf6 12.O-O-O c6 13.Bc2 Qa5 14.Kb1 Kh8 15.Nge2 cxd5
16.Nxd5 Qxd2 17.Rxd2 Nxd5 18.cxd5 Bd7 19.Bd3 Bf6 20.Rc2 Bd8 21.Rhc1 Nf6 
22.b3 Ba5 23.Kb2 a6 24.a4 Rfc8 25.Ka3 Rxc2 26.Rxc2 Rc8 27.Rxc8+ Bxc8 28.b4
Bd8 29.Nc3 b6 30.Nb1 Nd7 31.Nd2 g5 32.Nc4 Bc7 33.h4 h6 34.hxg5 hxg5 35.g3 
Kg7 36.Bf1 fxg3 37.Bxg3 Nf6 38.Bf2 b5 39.Bb6 Bb8 40.axb5 axb5 41.Na5 Nd7 
42.Bd8 Ba7 43.Bxb5 Nf6 44.Bd3 g4 45.fxg4 Bxg4 46.Nc4 Bb8 47.b5 Nd7 48.b6 
Nc5 49.Bc2 Kf8 50.Bc7 Bxc7 51.bxc7 Na6 52.Nxd6 Nxc7 53.Nc4 Nb5+ 54.Kb2 Bh3
55.Nxe5 Ke7 56.Bd3 Nc7 57.Kc3 Bg2 58.Kd4 Kd6 59.Nc4+ Kd7 60.Ne3 Bf3 61.e5 
Bh5 62.Bf5+ Kd8 63.d6 Ne8 64.Ke4 Bf7 65.Nd5 Ng7 66.Bh3 Bg8 67.Nf4 Ne8 68.
Kd4 Bb3 69.Ne6+ Bxe6 70.Bxe6 Ng7 71.Bg4 Ke8 72.Kd5 Kd8 73.e6 Ke8 74.Kc6 
Kd8 75.e7+ Ke8 76.Bd7+ Kf7 77.e8=Q+ Nxe8 78.Bxe8+ Kxe8 79.Kc7 1-0

[Event "6th EUR-ch (w)"]
[Site "Chisinau MDA"]
[Date "2005.06.14"]
[Round "4"]
[White "Koskoska, Gabriela"]
[Black "Harbuz, Daniela"]
[Result "1-0"]
[WhiteElo "2230"]
[BlackElo "2040"]
[EventDate "2005.06.10"]
[PlyCount "61"]

1.c4 g6 2.Nc3 Bg7 3.Nf3 d6 4.d4 Nd7 5.e4 e5 6.Bg5 f6 7.Be3 Ne7 8.Qd2 O-O 
9.h4 exd4 10.Nxd4 Ne5 11.Be2 N7c6 12.h5 Nxd4 13.Bxd4 Be6 14.hxg6 hxg6 15.
Nd5 Kf7 16.O-O-O c6 17.Ne3 b5 18.Bc3 bxc4 19.Bxe5 dxe5 20.Qc3 Qe7 21.Bxc4 
f5 22.exf5 gxf5 23.Nxf5 Qg5+ 24.Ne3 Qe7 25.Qd3 Bxc4 26.Qxc4+ Kg6 27.Qg4+ 
Qg5 28.Qe4+ Kf7 29.Rd7+ Ke8 30.Qxc6 Rf6 31.Rd6+ 1-0

[Event "6th EUR-ch (w)"]
[Site "Chisinau MDA"]
[Date "2005.06.14"]
[Round "4"]
[White "Mamedyarova, Turkan"]
[Black "Babei, Angelica"]
[Result "1-0"]
[WhiteElo "2221"]
[BlackElo "1843"]
[EventDate "2005.06.10"]
[PlyCount "64"]

1.d4 d5 2.Nf3 Nf6 3.Bf4 c5 4.e3 Nc6 5.c3 Qb6 6.b3 Bf5 7.Bd3 Bxd3 8.Qxd3 e6
9.O-O Be7 10.Nbd2 O-O 11.h3 Rac8 12.Kh1 cxd4 13.exd4 Nd7 14.Rfe1 Na5 15.
Rac1 Qc6 16.Nf1 b5 17.Ng3 Ba3 18.Rc2 b4 19.Nh5 Rfe8 20.Ne5 Nxe5 21.Bxe5 g6
22.Nf6+ Kf8 23.Nxe8 Kxe8 24.c4 dxc4 25.bxc4 Nxc4 26.Qg3 Qa4 27.Ree2 Nb6 
28.Rxc8+ Nxc8 29.Qd3 Ne7 30.Rc2 Nd5 31.Rc8+ Ke7 32.Qe4 a6 1-0

[Event "6th EUR-ch (w)"]
[Site "Chisinau MDA"]
[Date "2005.06.14"]
[Round "4"]
[White "Tsoganova, Monika"]
[Black "Ankerst, Milka"]
[Result "1-0"]
[WhiteElo "2211"]
[BlackElo "2124"]
[EventDate "2005.06.10"]
[PlyCount "93"]

1.d4 d5 2.c4 e6 3.cxd5 exd5 4.Nc3 c6 5.Bf4 Nf6 6.e3 Bd6 7.Bg3 Bf5 8.Bd3 
Bg6 9.Nge2 Qe7 10.O-O Nbd7 11.Rc1 O-O 12.a3 a5 13.Nf4 Rfe8 14.Nxg6 hxg6 
15.Bxd6 Qxd6 16.Ne2 Ne4 17.Nf4 Nf8 18.Bb1 g5 19.Nh3 Nh7 20.f3 Nef6 21.Qd3 
g6 22.Nf2 Kg7 23.e4 Nh5 24.e5 Qe7 25.g3 Nf8 26.Ng4 Ne6 27.Rc2 Ra6 28.Ne3 
Rb6 29.Rd2 Rh8 30.Qc3 Ra6 31.Ng2 Kg8 32.b4 axb4 33.axb4 Kh7 34.f4 gxf4 35.
Nxf4 Nhxf4 36.gxf4 Ra4 37.f5 gxf5 38.Rxf5 Kg7 39.Rdf2 Nd8 40.e6 Nxe6 41.
Qg3+ Kf8 42.Qb8+ Qd8 43.Rxf7+ Ke8 44.Qxb7 Rg8+ 45.Kh1 Qd6 46.Rh7 Rf8 47.
Qc8+ 1-0

[Event "6th EUR-ch (w)"]
[Site "Chisinau MDA"]
[Date "2005.06.14"]
[Round "4"]
[White "Grishina, Alexandra"]
[Black "Sirotkina, Nina"]
[Result "0-1"]
[WhiteElo "2065"]
[BlackElo "2206"]
[EventDate "2005.06.10"]
[PlyCount "121"]

1.d4 Nf6 2.g3 d5 3.Nf3 c6 4.Bg2 Bf5 5.O-O e6 6.c4 Be7 7.Qb3 Qb6 8.Nc3 h6 
9.c5 Qxb3 10.axb3 Na6 11.Bf4 O-O 12.Ne5 Rfc8 13.f3 g5 14.Bd2 Ne8 15.e4 Bh7
16.f4 f6 17.Nd3 dxe4 18.Nxe4 Rd8 19.Bc3 Nac7 20.fxg5 hxg5 21.Rad1 Nd5 22.
Rfe1 Nec7 23.Nb4 Bf5 24.Nxd5 Nxd5 25.h3 Kf7 26.b4 a6 27.Nf2 Rd7 28.Rd2 Nc7
29.Rde2 Rad8 30.Bf3 Bg6 31.Ng4 Rh8 32.Kg2 Bd3 33.Rf2 Bf5 34.Rfe2 Kg7 35.
Nf2 Rhd8 36.Bg4 Bxg4 37.Nxg4 Re8 38.Rf1 Bd8 39.Ref2 Nd5 40.Re2 Rf7 41.Bd2 
Bc7 42.Rfe1 f5 43.Ne5 Bxe5 44.Rxe5 Kf6 45.R1e2 Rh7 46.Re1 Nc7 47.Bc3 Nd5 
48.Bd2 Ree7 49.R1e2 Rh8 50.Re1 Rg8 51.Kf2 Kf7 52.R1e2 Nf6 53.Kg2 g4 54.h4 
Ne4 55.Be3 Rge8 56.Re1 Ra8 57.Rg1 Rh8 58.Bf4 Rd8 59.Be3 Rdd7 60.Rf1 Nf6 
61.Re1 0-1

[Event "6th EUR-ch (w)"]
[Site "Chisinau MDA"]
[Date "2005.06.14"]
[Round "4"]
[White "Kalinina, Olga"]
[Black "Khudaverdieva, Afag"]
[Result "0-1"]
[WhiteElo "2022"]
[BlackElo "2187"]
[EventDate "2005.06.10"]
[PlyCount "86"]

1.e4 e6 2.Nf3 d5 3.Nc3 Nf6 4.e5 Nfd7 5.d4 c5 6.dxc5 Nc6 7.Bf4 Bxc5 8.Bd3 
f6 9.exf6 Nxf6 10.O-O O-O 11.Bg3 Bd6 12.Re1 a6 13.Ng5 Bxg3 14.hxg3 Qd6 15.
Qd2 h6 16.Nf3 e5 17.Nh4 Be6 18.Rad1 Qc7 19.Bg6 Rad8 20.Ne2 Qb6 21.Nf3 Ng4 
22.Rf1 Ne7 23.Bh5 Nf6 24.g4 Ne4 25.Qc1 Qc7 26.g5 g6 27.gxh6 gxh5 28.Ng5 
Bf5 29.Rd3 Nxg5 30.Qxg5+ Bg6 31.Ng3 Kh7 32.Nxh5 Rf5 33.Nf6+ Kh8 34.Qh4 Rf4
35.Qg5 Qd6 36.Ng4 Rg8 37.Rg3 Bd3 38.Qh5 Rf5 39.Qh4 Ng6 40.Qh3 Nf4 41.Qh4 
Bxf1 42.h7 Ne2+ 43.Kh2 Rg7 0-1

[Event "6th EUR-ch (w)"]
[Site "Chisinau MDA"]
[Date "2005.06.14"]
[Round "4"]
[White "Golubenko, Valentina"]
[Black "Coimbra, Margarida"]
[Result "1-0"]
[WhiteElo "2171"]
[BlackElo "2098"]
[EventDate "2005.06.10"]
[PlyCount "65"]

1.d4 d5 2.c4 e6 3.Nf3 Nf6 4.Nc3 c6 5.Bg5 h6 6.Bh4 dxc4 7.e4 g5 8.Bg3 b5 9.
Be2 Bb7 10.O-O Nbd7 11.Ne5 Bg7 12.b3 cxb3 13.Qxb3 O-O 14.Rfd1 Qb6 15.Rab1 
Rfd8 16.Qc2 a6 17.Nc4 Qa7 18.Nd6 Nb6 19.e5 Nfd5 20.Bh5 Rf8 21.Rb3 Nxc3 22.
Rxc3 Nc4 23.Nxc4 bxc4 24.Rxc4 Rad8 25.Bf3 Rd7 26.Qc3 Rfd8 27.Qe3 c5 28.Qc1
Bxf3 29.gxf3 cxd4 30.h4 Qb7 31.Rd3 gxh4 32.Bxh4 Rb8 33.Rb3 1-0

[Event "6th EUR-ch (w)"]
[Site "Chisinau MDA"]
[Date "2005.06.14"]
[Round "4"]
[White "Baciu, Diana"]
[Black "Butuc, Maria"]
[Result "0-1"]
[WhiteElo "1870"]
[BlackElo "2147"]
[EventDate "2005.06.10"]
[PlyCount "144"]

1.e4 c5 2.Nc3 Nc6 3.Bb5 Nd4 4.Bc4 e6 5.Nge2 Ne7 6.Nxd4 cxd4 7.Ne2 Nc6 8.
O-O Bc5 9.d3 O-O 10.Ng3 a6 11.Bb3 b5 12.f4 Na5 13.f5 Nxb3 14.axb3 f6 15.
Qg4 Rf7 16.Nh5 e5 17.Rf3 d5 18.exd5 Qxd5 19.Bh6 Bf8 20.Raf1 Qc6 21.Rc1 b4 
22.Bd2 Qb6 23.Rg3 a5 24.Qf3 Bb7 25.Qe2 Rc8 26.Bh6 Rcc7 27.Qg4 Bd5 28.Re1 
Qd6 29.Re2 Bc6 30.Rh3 Kh8 31.Bc1 Bd7 32.Ng3 g6 33.Qxg6 Rg7 34.Qh5 Bc6 35.
Bh6 Rgf7 36.Bxf8 Rxf8 37.Qh4 Bd5 38.Nh5 Rcf7 39.Ng3 Qc6 40.Kf1 a4 41.bxa4 
Qxa4 42.Ne4 Bxe4 43.Rxe4 Qxc2 44.Re2 Qc1+ 45.Kf2 Rc8 46.Qh5 Rg7 47.Qh4 Qg5
48.Qe4 Qc1 49.Qh4 Qc6 50.Kf1 b3 51.Qh5 Qd7 52.Rf3 Rc1+ 53.Kf2 Rc8 54.Kf1 
Rg5 55.Qh3 Rc1+ 56.Kf2 Rc2 57.Qh6 Rxe2+ 58.Kxe2 Rxg2+ 59.Kf1 Qg7 60.Qxg7+ 
Rxg7 61.Rg3 Rc7 62.Rg2 Rg7 63.Rxg7 Kxg7 64.Kf2 Kf7 65.Kf3 Ke7 66.Ke4 Kd6 
67.h3 h6 68.Kf3 Kd5 69.Kg4 e4 70.Kh5 exd3 71.Kg6 Ke5 72.Kxh6 d2 0-1

[Event "6th EUR-ch (w)"]
[Site "Chisinau MDA"]
[Date "2005.06.14"]
[Round "4"]
[White "Apanaviciute, Kristina"]
[Black "Doibani, Lilia"]
[Result "0-1"]
[WhiteElo "2028"]
[BlackElo "2185"]
[EventDate "2005.06.10"]
[PlyCount "124"]

1.e4 c5 2.Nc3 Nc6 3.g3 g6 4.Bg2 Bg7 5.d3 d6 6.Be3 e5 7.Qd2 Nge7 8.Bh6 Bxh6
9.Qxh6 Nd4 10.Qd2 Qb6 11.O-O-O Be6 12.Nd5 Bxd5 13.exd5 Qa6 14.Kb1 c4 15.
Nf3 c3 16.bxc3 Nxf3 17.Bxf3 Rc8 18.Ka1 b5 19.Rb1 Qa5 20.Rb3 O-O 21.h4 f6 
22.h5 g5 23.Bg4 Rc5 24.Be6+ Kh8 25.f4 h6 26.Rf1 Nxd5 27.Bxd5 Rxd5 28.fxg5 
hxg5 29.g4 a6 30.Qg2 Rc5 31.Qe4 Qc7 32.Qg6 Qh7 33.Qxh7+ Kxh7 34.Kb2 Rfc8 
35.Rf2 R5c6 36.Rf3 d5 37.Re3 R8c7 38.Re2 Kh6 39.Rf2 Kg7 40.Ra3 Re7 41.Kc1 
e4 42.Re2 Kh6 43.Kd2 f5 44.gxf5 Kxh5 45.c4 bxc4 46.dxe4 dxe4 47.Rae3 Kg4 
48.Rxe4+ Rxe4 49.Rxe4+ Kxf5 50.Ke3 Re6 51.Rxe6 Kxe6 52.Ke4 Kf6 53.c3 Kg6 
54.Kf3 Kf5 55.a4 g4+ 56.Ke3 Ke5 57.a5 Kd5 58.Kf4 g3 59.Kxg3 Ke4 60.Kf2 Kd3
61.Ke1 Kxc3 62.Kd1 Kb2 0-1

[Event "6th EUR-ch (w)"]
[Site "Chisinau MDA"]
[Date "2005.06.14"]
[Round "4"]
[White "Talmazan, Olga"]
[Black "Kalinina, Larisa"]
[Result "0-1"]
[WhiteElo "2013"]
[BlackElo "2177"]
[EventDate "2005.06.10"]
[PlyCount "76"]

1.e4 c5 2.Nf3 Nc6 3.Bb5 g6 4.Bxc6 dxc6 5.d3 Bg7 6.h3 e5 7.Nc3 Qe7 8.Be3 
Nf6 9.O-O O-O 10.Qd2 Ne8 11.Bh6 f6 12.a3 Nc7 13.Bxg7 Kxg7 14.Rfe1 Ne6 15.
Ne2 Rd8 16.c3 b6 17.Rad1 Ba6 18.Qc2 Rac8 19.b4 cxb4 20.axb4 c5 21.bxc5 
Rxc5 22.Rd2 Rc7 23.Red1 Rcd7 24.Qa2 Bxd3 25.Ned4 exd4 26.Rxd3 dxc3 27.Rxd7
Rxd7 28.Rc1 Rc7 29.Qb3 Nf4 30.Kh2 Qc5 31.Rc2 b5 32.g3 Nd3 33.Qd5 Qxd5 34.
exd5 b4 35.Nd4 Rd7 36.Ra2 Nc1 37.Rc2 Rxd5 38.Nc6 b3 0-1

[Event "6th EUR-ch (w)"]
[Site "Chisinau MDA"]
[Date "2005.06.14"]
[Round "4"]
[White "Andronic, Iulia"]
[Black "Iurascu, Mihaela"]
[Result "1/2-1/2"]
[WhiteElo "2085"]
[BlackElo "1906"]
[EventDate "2005.06.10"]
[PlyCount "75"]

1.Nf3 c5 2.c4 Nf6 3.Nc3 d5 4.d4 cxd4 5.cxd5 Nxd5 6.Nxd5 Qxd5 7.Qxd4 Qxd4 
8.Nxd4 a6 9.g3 e5 10.Nf3 Nc6 11.Bg2 Be7 12.O-O O-O 13.e4 f6 14.Be3 Be6 15.
b3 Nb4 16.Ne1 Rac8 17.f3 Rfd8 18.Rf2 Nd3 19.Re2 Nxe1 20.Raxe1 Bb4 21.Rb1 
Rc3 22.Rbb2 Rd1+ 23.Kf2 Kf7 24.Rbc2 Rxc2 25.Rxc2 Rd7 26.Bf1 Ba5 27.Bc4 
Bxc4 28.Rxc4 Rc7 29.Rxc7+ Bxc7 30.Ke2 Ke6 31.g4 g6 32.Kd3 Bd6 33.a4 b5 34.
axb5 axb5 35.Bb6 Be7 36.Kc3 Kd7 37.Be3 Kc6 38.Kd3 1/2-1/2

[Event "6th EUR-ch (w)"]
[Site "Chisinau MDA"]
[Date "2005.06.15"]
[Round "5"]
[White "Kosintseva, Tatiana"]
[Black "Lahno, Kateryna"]
[Result "0-1"]
[WhiteElo "2486"]
[BlackElo "2467"]
[EventDate "2005.06.10"]
[PlyCount "126"]

1.e4 e5 2.Bc4 Nf6 3.d3 Nc6 4.Nf3 Bc5 5.c3 O-O 6.Bg5 Be7 7.Nbd2 d6 8.Bb3 h6
9.Bh4 Nh5 10.Bxe7 Qxe7 11.Nc4 Nf4 12.Ne3 Qf6 13.O-O Be6 14.g3 Ng6 15.Kg2 
Na5 16.Bc2 c5 17.d4 cxd4 18.cxd4 Nc4 19.Nxc4 Bxc4 20.Re1 Be6 21.Re3 Rad8 
22.Bb3 Bg4 23.Qd2 Qe7 24.h3 Be6 25.Rd1 Bxb3 26.Rxb3 d5 27.Qe3 b6 28.exd5 
e4 29.Ne5 Nxe5 30.dxe5 Qxe5 31.Qd4 Rfe8 32.Rc3 f5 33.d6 Qxd4 34.Rxd4 Rd7 
35.Rc7 Red8 36.g4 Rxd6 37.Rxd6 Rxd6 38.gxf5 Rd2 39.Kg3 a5 40.b3 Rxa2 41.
Rb7 Ra3 42.Rxb6 a4 43.Ra6 Rxb3+ 44.Kg4 Ra3 45.h4 Ra2 46.h5 a3 47.Kf4 Rxf2+
48.Kxe4 a2 49.Ra7 Kf8 50.Ke5 Re2+ 51.Kf4 Ke8 52.Kg4 Kd8 53.f6 gxf6 54.Kf5 
Rf2+ 55.Kg6 f5 56.Kxh6 Rg2 57.Kh7 f4 58.h6 f3 59.Kh8 f2 60.Rxa2 f1=Q 61.
Rxg2 Qxg2 62.h7 Qb7 63.Kg8 Ke8 0-1

[Event "6th EUR-ch (w)"]
[Site "Chisinau MDA"]
[Date "2005.06.15"]
[Round "5"]
[White "Mkrtchian, Lilit"]
[Black "Javakhishvili, Lela"]
[Result "1/2-1/2"]
[WhiteElo "2400"]
[BlackElo "2430"]
[EventDate "2005.06.10"]
[PlyCount "33"]

1.e4 c6 2.d4 d5 3.Nd2 dxe4 4.Nxe4 Bf5 5.Ng3 Bg6 6.h4 h6 7.Nf3 Nd7 8.h5 Bh7
9.Bd3 Bxd3 10.Qxd3 e6 11.Bf4 Ngf6 12.O-O-O Qa5 13.Kb1 Be7 14.Ne5 O-O 15.
Nxd7 Nxd7 16.Ne4 Nf6 17.Nxf6+ 1/2-1/2